Dvoustrukturní model pro střednědobé plánování výzkumná zpráva
Guardado en:
| Autor principal: | |
|---|---|
| Otros Autores: | |
| Formato: | Libro |
| Lenguaje: | checo |
| Publicado: |
Praha
Výzkumný ústav plánování a řízení národního hospodářství
1980
|
| Colección: | Výzkumná práce
č. 94 |
| Etiquetas: |
Sin Etiquetas, Sea el primero en etiquetar este registro!
|
MARC
| LEADER | 00000nam a2200000 4500 | ||
|---|---|---|---|
| 001 | c142281 | ||
| 005 | 20181203150525.5 | ||
| 041 | 0 | |a cze | |
| 044 | |a CZ | ||
| 245 | 1 | 0 | |a Dvoustrukturní model pro střednědobé plánování |b výzkumná zpráva |c Jaroslav Hutař, Jiří Svoboda |
| 264 | 1 | |a Praha |b Výzkumný ústav plánování a řízení národního hospodářství |c 1980 | |
| 300 | |a 113 s. | ||
| 490 | 1 | |a Výzkumná práce |v č. 94 | |
| 830 | 0 | |a Výzkumná práce |v č. 94 | |
| 100 | 1 | |a Hutař, Jaroslav | |
| 700 | 1 | |a Svoboda, Jiří | |